Ve víru modernosti : architektura 20. století v Královéhradeckém kraji /

Hlavní autor: Bartoš, Štěpán, 1963-
Další autoři: Lukeš, Zdeněk, 1954-, Panoch, Pavel, 1974-
Jazyk: Čeština
Vydáno: [Pardubice] : Helios ; c2008
Témata:
Externí odkaz: Digitalizovaný dokument
Fyzický popis: 215 s. : barev. il. ; 29 cm
Language note: Anglické resumé
Knihy
Uloženo v:
LEADER 02188nam a2200553 a 4500
001 nkc20081825585
003 CZ PrNK
005 20161116235008.0
007 ta
008 081023s2008 xr a f 001 0dcze
015 |a cnb001825585 
020 |a 978-80-85211-23-8  |q (váz.)  |z 80-85211-23-8 
035 |a (OCoLC)316299339 
040 |a BOA001  |b cze  |d OLA001  |d ABA001 
041 0 |a cze  |b eng 
043 |a e-xr---  |b e-xr-kr  |2 czenas 
045 |a x-x- 
072 7 |a 72  |x Architektura  |2 Konspekt  |9 21 
080 |a 72  |2 MRF 
080 |a 72.036/.038  |2 MRF 
080 |a (437.313)  |2 MRF 
080 |a (048.8)  |2 MRF 
080 |a (084.12)  |2 MRF 
100 1 |a Bartoš, Štěpán,  |d 1963-  |7 jn20001005044  |4 pht 
245 1 0 |a Ve víru modernosti :  |b architektura 20. století v Královéhradeckém kraji /  |c [fotografie] Štěpán Bartoš ; [koncepce knihy a texty] Zdeněk Lukeš, Pavel Panoch 
246 3 0 |a Architektura 20. století v Královéhradeckém kraji 
260 |a [Pardubice] :  |b Helios ;  |c c2008 
300 |a 215 s. :  |b barev. il. ;  |c 29 cm 
504 |a Obsahuje bibliografii a rejstřík 
546 |a Anglické resumé 
648 7 |a 20. století  |7 ch460558  |2 czenas 
650 0 7 |a architektura  |7 ph118586  |z Česko  |y 20. století  |2 czenas 
650 0 7 |a moderní architektura  |7 ph115339  |z Česko  |2 czenas 
650 0 9 |a architecture  |z Czechia  |y 20th century  |2 eczenas 
650 0 9 |a modern architecture  |z Czechia  |2 eczenas 
651 7 |a Královéhradecký kraj (Česko : 2000-)  |7 ge135816  |2 czenas 
651 9 |a Královéhradecký kraj (Czechia)  |2 eczenas 
655 7 |a monografie  |7 fd132842  |2 czenas 
655 7 |a fotografické publikace  |7 fd132276  |2 czenas 
655 9 |a monographs  |2 eczenas 
655 9 |a photographical works  |2 eczenas 
700 1 |a Lukeš, Zdeněk,  |d 1954-  |7 jn99240000644  |4 aut 
700 1 |a Panoch, Pavel,  |d 1974-  |7 mzk2004217546  |4 aut 
856 4 1 |u https://www.digitalniknihovna.cz/mzk/uuid/uuid:763a79a0-a71e-11e6-840e-005056827e52  |y Digitalizovaný dokument  |x NDK 
910 2 |a BOA001  |b 3-1212.891 
990 |a BK 
995 |a 01 
991 |b 200811  |c NOV 
996 6 |b 2610358510  |c 3-1212.891  |l MZK  |r Sklad / do 1 hodiny  |n 10  |p p.v.  |w 000918536  |u 000010  |a 1  |e BOA001  |j MZK50  |s P